000 00392nam a22001697a 4500
005 20180813145511.0
008 160627b xxu||||| |||| 00| 0 eng d
020 _a81-85989-68-0
041 _aeng
082 _b10657
_a658.3
100 _aSrivastava , Sanjay
_9323
245 _aOrganization Behaviour
260 _bGalgotia
300 _a98p,
650 _aManagement
_9241
942 _cBK
999 _c4288
_d4287